[Event "Santo Antonio de Jesus Bahia op"]
[Site "Santo Antonio de Jesus"]
[Date "2022.07.09"]
[Round "5"]
[White "Rabello, Lorenzzo Urubatan B"]
[Black "Costa, Ricardo Santos"]
[Result "0-1"]
[WhiteElo "1269"]
[BlackElo "1738"]
[PlyCount "134"]
[EventDate "2022.07.07"]
[EventType "swiss"]
[EventRounds "6"]
[EventCountry "BRA"]
[SourceTitle "CBM 209 Extra"]
[Source "ChessBase"]
[SourceDate "2022.09.30"]
[SourceVersion "1"]
[SourceVersionDate "2022.09.30"]
[SourceQuality "1"]

1. e4 c5 2. Nf3 Nc6 3. d4 cxd4 4. Nxd4 g6 5. Nc3 Bg7 6. Be3 d6 7. Bc4 Nf6 8. 0-0 Bd7 9. a3 0-0 10. h3 Nxd4 11. Bxd4 Bc6 12. Re1 a6 13. Bb3 b5 14. Nd5 Bxd5 15. Bxd5 Nxd5 16. Bxg7 Kxg7 17. Qxd5 f6 18. Rad1 Qc7 19. Rc1 Rac8 20. Re3 Qc6 21. Qe6 Qb7 22. Rb3 Rc5 23. Re3 Re5 24. Qg4 Rc8 25. Qe2 Rc4 26. f3 Qb6 27. b3 Rc3 28. Re1 Rec5 29. Rxc3 Rxc3+ 30. Kh1 Qc5 31. b4 Qc6 32. Rc1 Rxa3 33. Qf2 Qc7 34. Qd4 Rc3 35. Qd2 Qc4 36. Qf2 Qc7 37. Qd2 Rc4 38. c3 a5 39. bxa5 Qxa5 40. Qd5 Rc5 41. Qe6 Qc7 42. Qb3 Qa5 43. Rc2 Qa4 44. Qxa4 bxa4 45. Ra2 Rc4 46. Ra3 e6 47. Kg1 Kf7 48. Kf2 Ke7 49. Ke3 d5 50. exd5 exd5 51. Kd3 Kd6 52. g3 Kc5 53. g4 d4 54. cxd4+ Rxd4+ 55. Kc3 Rf4 56. Kb2 Kb4 57. Re3 Rd4 58. Re2 a3+ 59. Ka2 h5 60. Rc2 hxg4 61. hxg4 Rd3 62. Rf2 Kc4 63. f4 Kd4 64. f5 g5 65. Rh2 Rg3 66. Rh6 Ke5 67. Rh7 Rxg4 0-1

[Event "Rio de Janeiro op"]
[Site "Rio de Janeiro"]
[Date "2022.04.23"]
[Round "4"]
[White "Pinto, Marcelo Duraes Cape"]
[Black "Rabello, Lorenzzo Urubatan B"]
[Result "1-0"]
[WhiteElo "1660"]
[BlackElo "1750"]
[PlyCount "97"]
[EventDate "2022.04.21"]
[EventType "swiss"]
[EventRounds "6"]
[EventCountry "BRA"]
[SourceTitle "EXT 2023"]
[Source "ChessBase"]
[SourceDate "2022.10.05"]
[SourceVersion "1"]
[SourceVersionDate "2022.10.05"]
[SourceQuality "1"]

1. d4 d5 2. c4 e6 3. Nf3 Nf6 4. Nc3 h6 5. Bf4 Nc6 6. e3 Be7 7. Bd3 0-0 8. a3 Bd6 9. Bg3 b6 10. 0-0 a5 11. e4 dxe4 12. Nxe4 Bxg3 13. Nxg3 Nxd4 14. Nxd4 Kh8 15. Nf3 Bb7 16. Be2 Qe7 17. b3 Rad8 18. Qc2 Qc5 19. Rfd1 Ng4 20. Rf1 f5 21. h3 Ne3 22. fxe3 Qxe3+ 23. Rf2 Be4 24. Qb2 Rf7 25. Rd1 Rxd1+ 26. Bxd1 Rd7 27. Qe2 Qc1 28. Nxe4 Rxd1+ 29. Rf1 Rxf1+ 30. Qxf1 Qxa3 31. Ned2 Qc5+ 32. Kh1 e5 33. Qg1 Qd6 34. Qe3 e4 35. Qd4 Qf4 36. Ne5 Qg3 37. Qb2 f4 38. Qc1 e3 39. Ndf3 Qf2 40. Ng6+ Kh7 41. Nxf4 Kg8 42. Nd5 e2 43. Ne3 c5 44. Qd2 Kh7 45. Nc2 Qf1+ 46. Ng1 Qd1 47. Qxe2 Qb1 48. Ne3 Qxb3 49. Qc2+ 1-0

[Event "Cinelandia Cortinhas Memorial 4th"]
[Site "Rio de Janeiro"]
[Date "2022.03.12"]
[Round "2"]
[White "Miranda Pereira, Emmanuel"]
[Black "Rabello, Lorenzzo Urubatan B"]
[Result "1/2-1/2"]
[WhiteElo "1548"]
[BlackElo "1750"]
[PlyCount "120"]
[EventDate "2022.03.12"]
[EventType "swiss"]
[EventRounds "6"]
[EventCountry "BRA"]
[SourceTitle "CBM 207 Extra"]
[Source "ChessBase"]
[SourceDate "2022.05.31"]
[SourceVersion "1"]
[SourceVersionDate "2022.05.31"]
[SourceQuality "1"]

1. d4 d5 2. Nf3 Nf6 3. c4 e6 4. Nc3 Nc6 5. e3 Be7 6. Bd3 0-0 7. 0-0 h6 8. a3 Bd7 9. cxd5 exd5 10. Qb3 Na5 11. Qc2 Bg4 12. Ne5 Be6 13. Bd2 a6 14. Na4 c6 15. b4 Nc4 16. Nxc4 dxc4 17. Bxc4 Bxc4 18. Qxc4 b5 19. Qxc6 bxa4 20. Qxa4 Qd6 21. f3 Rfc8 22. Rfc1 Qe6 23. e4 Nd7 24. Be3 Nb6 25. Qd1 Nc4 26. Bf2 Bg5 27. d5 Qe5 28. Bd4 Be3+ 29. Bxe3 Nxe3 30. Qd3 Rxc1+ 31. Rxc1 Qg5 32. g3 Nxd5 33. Rc5 Qe3+ 34. Qxe3 Nxe3 35. Kf2 Nd1+ 36. Ke2 Nb2 37. Kd2 Na4 38. Rc6 a5 39. Kc2 axb4 40. axb4 Rb8 41. Kb3 Nb6 42. f4 Nd7 43. Kc4 Kf8 44. h4 Nf6 45. e5 Nh5 46. b5 Nxg3 47. b6 Nf5 48. Kb5 Ne7 49. Rd6 Nc8 50. Rc6 Nxb6 51. Rxb6 Rxb6+ 52. Kxb6 Ke7 53. Kc5 Ke6 54. Kd4 Kf5 55. Ke3 Kg4 56. Ke4 g5 57. hxg5 hxg5 58. f5 Kh5 59. e6 fxe6 60. fxe6 Kg6 1/2-1/2